Susanna Hopton /

Bibliographic Details
Main Author: Hopton, Susanna, 1627-1709
Other Authors: Smith, Julia J., Travitsky, Betty, 1942-, Prescott, Anne Lake, 1936-
Format: Book
Language:English
Published: Farnham, England ; Burlington, VT : Ashgate, [2010]
Series:Early modern Englishwoman. Printed writings, 1641-1700. v. 7.
Subjects:

MARC

Tag First Indicator Second Indicator Subfields
LEADER 00000cam a2200000 a 4500
001 in00002575997
005 20151201153318.0
008 090505s2010 enka b 000 0 eng
020 |a 9780754663201 (set) 
020 |a 0754663205 (set) 
035 |a (OCoLC)ocn467759455 
040 |a UKM  |c UKM  |d NUI  |d BWX  |d YDX  |d TXA  |d UtOrBLW 
049 |a TXAM 
082 0 |a 828.408  |2 22 
090 |a PR3517.H128  |b S87 2010 
100 1 |a Hopton, Susanna,  |d 1627-1709. 
245 1 0 |a Susanna Hopton /  |c selected and introduced by Julia J. Smith ; general editors, Betty S. Travitsky and Anne Lake Prescott. 
264 1 |a Farnham, England ;  |a Burlington, VT :  |b Ashgate,  |c [2010] 
264 4 |c ©2010 
300 |a 2 volumes :  |b illustrations ;  |c 20 cm. 
336 |a text  |b txt  |2 rdacontent 
337 |a unmediated  |b n  |2 rdamedia 
338 |a volume  |b nc  |2 rdacarrier 
490 1 |a Early modern Englishwoman : a facsimile library of essential works. Series II, Printed writings, 1641-1700, part 4 ;  |v v. 7 
504 |a Includes bibliographical references. 
610 2 0 |a Church of England  |v Prayers and devotions  |v Early works to 1800. 
650 0 |a Christian life  |v Early works to 1800. 
650 0 |a Theology  |v Early works to 1800. 
700 1 |a Smith, Julia J. 
700 1 |a Travitsky, Betty,  |d 1942- 
700 1 |a Prescott, Anne Lake,  |d 1936- 
830 0 |a Early modern Englishwoman.  |p Printed writings, 1641-1700.  |n Series 2, Part 4 ;  |v v. 7. 
945 |a PromptCat 
948 |a cataloged  |b h  |c 2010/7/30  |d c  |e dmitchel  |f 10:30:20 am 
994 |a C0  |b TXA 
999 |a MARS 
999 f f |s 41cef215-4621-332b-a86a-d0cad6ab6533  |i e0d9df25-5ca7-38a9-93ff-2f7ad2fec375  |t 0 
952 f f |p normal  |a Texas A&M University  |b College Station  |c Sterling C. Evans Library  |d Evans: Library Stacks  |t 0  |e PR3517.H128 S87 2010  |h Library of Congress classification  |i unmediated -- volume  |k 1  |m A14840308055 
952 f f |p normal  |a Texas A&M University  |b College Station  |c Sterling C. Evans Library  |d Evans: Library Stacks  |t 0  |e PR3517.H128 S87 2010  |h Library of Congress classification  |i unmediated -- volume  |k 2  |m A14840308013 
998 f f |a PR3517.H128 S87 2010  |s 1-2  |t 0  |l Evans: Library Stacks